000 00645nam a2200241Ia 4500
003 OSt
005 20220924113146.0
006 a|||||r|||| 00| 0
007 ta
008 220923b |||||||| |||| 00| 0 eng d
024 _a138562
037 _cDictionary
040 _aARTS
_cARTS
_beng
041 _2eng
_aeng
082 _aX:51k, L3(RR)
100 _aJefkins Frank
_9130612
245 0 _aDictionary of Marketing and communications
260 _aLondon
_bArnold Heineman
_c1973
300 _a121p.
_ccm.
650 _aECONOMICS
942 _hX:51k, L3(RR)
_cdic
_2cc
999 _c389395
_d389395